000 01743nam a2200385 c 4500
003 BLK
005 20180422111030.0
008 180409b bul|||||r ||||||| ||bul||
010 _aKNG00130353000
040 _aBLK
041 _aBUL
_cBUL
080 _aМетодика на математиката
_b372.851
_x(075.2)
_z372.851(075.2)
100 1 _aРаденков, Раденко
_eпърви автор
_9377377
700 1 _aБешкова, Анастасия
_e*
_9318891
700 1 _aРадичев, Градивой
_e*
_9318892
700 1 _aХристов, Методи
_e*
_9377369
139 _aАритметика
_bА 84
245 1 0 _aАритметика
_bУчебник за VI кл. на общообраз. у-ща
_cРаденко Раденков; * Анастасия Бешкова; * Градивой Радичев; * Методи Христов.
250 _a3. прераб. изд.
257 _aBGR
260 София
_bНар. просв.
_c1958
300 _a112 с.
_c22 см
380 _a3
500 _aДруги авт. : А. Бешкова, Г. Радичев, М. Христов. - 1. изд. 1956 с авт. Р. Раденков, А. Бешкова, Г. Радичев, М. Христов, Д. Раковски. - 116 000 тир.
650 4 _aАритметика - учебници за основни училища
_9274699
653 _aматематика
653 _aаритметика
653 _aучебници за основни училища
653 _aVІ кл.
852 _aЦб 11140
856 4 _qpdf
_u
856 4 _qpdf
_u
942 _cKNG
_n0
944 _aCR
_c05.05.2012
_l05.05.2012 - от С1,Р / 05.05.2012
_kКети_Илиева
944 _aED
_c05.05.2012
_l05.05.2012 - от С1,Р / 05.05.2012
_k
999 _c124686
_d124686